000 00460nam a2200181Ia 4500
001 10935
005 20260306161909.0
008 260306t2010||||xx |||||||||||||| ||spa||
041 _aESP
082 _a983
_bCH553
100 _aZegers Cristian [Dir.]
_eAUT
245 0 _aChile en cuatro momentos:
_bdesarrollo económico. La sociedad del centenario
260 _c2010
300 _a
_c1910
650 _aGEN
654 _aCHU
942 _cLIB
_dJUS
_fJUS
_2ddc
_n
999 _c10935
_d10935